000 00328nam a2200121Ia 4500
008 220217s9999||||xx |||||||||||||| ||und||
082 _a894.814 3
100 _aRamachandra, Swami, H
245 0 _aSankshipta valmeeki ramayana
260 _aSri Ramakrishna Ashrama
_bMysore
_c2004
300 _b86
650 _aGENERAL BOOKS
999 _c172974
_d172974